Los fichajes más caros del fútbol - Laterales izquierdos - 2014-2015 - Estadísticas

Estadísticas generales
  • Esta prueba ha sido intentada 22 veces
  • La puntuación promedio es 3 de 10
Estadísticas de respuestas
Coste (M €) Nacionalidad Último club Nuevo club Jugador % Correcto
37,50 Inglaterra Southampton Manchester United Luke Shaw
90%
20,00 Brasil Atlético Madrid Chelsea Filipe Luís
67%
18,00 España Sevilla FC Liverpool Alberto Moreno
43%
20,00 Francia Valencia CF FC Barcelona Jérémy Mathieu
43%
12,35 Gales Swansea City Tottenham Ben Davies
29%
10,00 España Valencia CF Bayern Múnich Juan Bernat
29%
10,00 Brasil Granada FC Atlético Madrid Guilherme Siqueira
19%
13,30 Inglaterra Chelsea Southampton Ryan Bertrand
5%
6,50 Brasil Grêmio Bayer Leverkusen Wendell
5%
7,00 Países Bajos Heerenveen Ajax Daley Sinkgraven
0%
No se encontraron pruebas coincidentes
Distribución de puntuación
Porcentaje de gente con cada puntuación
Porcentaje por número respondido
Historial de tus puntuaciones
No has intentado esta prueba.